000
00229nam a22001097a 4500
082
_a
200/PAT
100
_a
Pattanaik,Devdutt
_9
79806
245
_a
Devlok 2
260
_a
Haryana
_b
Penguin
_c
2017
650
_a
Mythology
942
_c
BK
999
_c
68621
_d
68621